The true cost of valuing commercial property (Record no. 83331)
[ view plain ]
| 000 -LEADER | |
|---|---|
| fixed length control field | 00959cad a22001935a 4500 |
| 001 - CONTROL NUMBER | |
| control field | L153592 |
| 008 - FIXED-LENGTH DATA ELEMENTS--GENERAL INFORMATION | |
| fixed length control field | 110808s2011 xxk 000 0 eng d |
| 035 ## - SYSTEM CONTROL NUMBER | |
| System control number | (Sirsi) u153592 |
| 041 0# - LANGUAGE CODE | |
| Language code of text/sound track or separate title | eng |
| 100 1# - MAIN ENTRY--PERSONAL NAME | |
| Personal name | Robbins, Louisa |
| 245 04 - TITLE STATEMENT | |
| Title | The true cost of valuing commercial property |
| 260 ## - PUBLICATION, DISTRIBUTION, ETC. | |
| Date of publication, distribution, etc. | 2011 |
| 490 #0 - SERIES STATEMENT | |
| Series statement | RICS Commercial Property Journal |
| Volume/sequential designation | May-June 2011, 24-25(2) |
| 520 ## - SUMMARY, ETC. | |
| Summary, etc. | Property investors and financial institutions have accused the surveying profession of overvaluation of properties backed by informal retrospective valuation reports. Commercial property valuation in particular has been the subject of many negligence claims which can be brought with such ease. Outlines some risk management tools to protect surveyors against negligence claims and assist in the surveyors'defence. |
| 590 ## - LOCAL NOTE (RLIN) | |
| Local note | KA |
| 651 #4 - SUBJECT ADDED ENTRY--GEOGRAPHIC NAME | |
| Geographic name | United Kingdom |
| Chronological subdivision | |
| 690 ## - LOCAL SUBJECT ADDED ENTRY--TOPICAL TERM (OCLC, RLIN) | |
| Topical term or geographic name as entry element | PROPERTY-COMMERCIAL PROPERTY-COMMERCIAL PROPERTY VALUATION AND APPRAISAL |
| 942 ## - ADDED ENTRY ELEMENTS (KOHA) | |
| Suppress in OPAC | 0 |
| Withdrawn status | Lost status | Source of classification or shelving scheme | Damaged status | Not for loan | Home library | Current library | Shelving location | Date acquired | Total Checkouts | Full call number | Barcode | Date last seen | Price effective from | Koha item type |
|---|---|---|---|---|---|---|---|---|---|---|---|---|---|---|
| Dewey Decimal Classification | Virtual | Virtual | Online | 08/08/2011 | ONLINE PUBLICATION | 153592-2001 | 06/08/2019 | 06/08/2019 | Journal |